[Event "Lisbon zt"]
[Site "Lisbon"]
[Date "1993.??.??"]
[Round "10"]
[White "Illescas Cordoba, Miguel"]
[Black "Godena, Michele"]
[Result "1/2-1/2"]
[WhiteElo "2615"]
[BlackElo "2485"]
[Annotator "Ribli,Z"]
[PlyCount "150"]
[EventDate "1993.03.??"]
[EventType "tourn"]
[EventRounds "11"]
[EventCountry "POR"]
[EventCategory "7"]
[SourceTitle "CBM 035"]
[Source "ChessBase"]
[SourceDate "1993.08.01"]
[SourceVersion "1"]
[SourceVersionDate "1993.08.01"]
[SourceQuality "1"]

1. c4 e5 2. Nc3 Nc6 3. Nf3 g6 4. d4 exd4 5. Nxd4 Bg7 6. Nxc6 bxc6 7. g3 Ne7 (
7... Rb8 $2 8. Bg2 c5 9. O-O Nf6 10. Qa4 $1 $14 {Hodgson,J-Sadler,M/London WFW/
1989/CBM13/}) 8. Bg2 O-O 9. O-O d6 10. Qc2 $5 Bf5 11. e4 Be6 12. c5 Qb8 13.
cxd6 (13. Bg5 $5) 13... cxd6 14. Bf4 Rd8 15. Rad1 (15. Rfd1 Qb4 16. Bd2 Qc4 17.
b3 Qc5 18. Rac1 $14) 15... Qb4 16. Bd2 Qc4 17. b3 Qc5 18. Rc1 Rac8 19. Ne2 (19.
Rfd1 $5) 19... Qxc2 20. Rxc2 c5 21. Bg5 Kf8 22. Rd1 h6 23. Bf4 c4 24. bxc4 (24.
Bxd6 cxb3 25. Rxc8 Rxc8 26. axb3 Bxb3 $10) 24... Rxc4 25. Rcd2 $1 Nc8 26. h4 (
26. e5 $2 g5 27. Be3 Bxe5) 26... Ra4 27. e5 Rxa2 28. Rxa2 Bxa2 29. exd6 g5 $1 (
29... Be6 30. Nd4 $14) 30. hxg5 hxg5 31. Bxg5 Rxd6 32. Rc1 Nb6 33. Nc3 Bb3 34.
Nb5 Rg6 35. Be3 a6 36. Nd4 Ba4 37. Nf5 Bb2 38. Rb1 Nc4 39. Bc5+ Ke8 40. Bd5 Bc2
41. Re1+ Kd7 42. Re7+ Kd8 43. Rxf7 (43. Bxc4 Bxf5 44. Rxf7 $16) 43... Nb6 44.
Bf3 Nd7 45. Bh5 Re6 46. Be3 Rf6 47. Nd4 Rxf7 48. Bxf7 Be4 49. f4 a5 50. Bb3 Ke7
51. Nb5 Bc6 52. Na7 Bb7 53. Kh2 Ba3 54. Nb5 Bc5 55. Nd4 Bb4 56. Nc2 Bc5 57. Bd2
Bb6 58. Ne3 Nc5 59. Bd5 Ba6 60. Bc4 Bb7 61. Nd5+ Bxd5 62. Bxd5 Kd6 63. Bg8 Ne4
$1 64. Be1 Bf2 $1 65. Bxf2 Nxf2 66. Kg2 Nd3 67. Kf3 a4 68. Ke4 Nc1 69. f5 a3
70. f6 Kd7 71. g4 a2 72. Bxa2 Nxa2 73. Kf5 Ke8 74. g5 Nb4 75. Ke6 Nd3 1/2-1/2

[Event "Dortmund GM"]
[Site "Dortmund"]
[Date "2000.07.10"]
[Round "4"]
[White "Mikhalchishin, Adrian"]
[Black "Skripchenko, Almira"]
[Result "1-0"]
[WhiteElo "2544"]
[BlackElo "2450"]
[Annotator "Ribli,Z"]
[PlyCount "67"]
[EventDate "2000.07.07"]
[EventType "tourn"]
[EventRounds "9"]
[EventCountry "GER"]
[EventCategory "9"]
[SourceTitle "CBM 078"]
[Source "ChessBase"]
[SourceDate "2000.10.18"]
[SourceVersion "1"]
[SourceVersionDate "2000.10.18"]
[SourceQuality "1"]

1. c4 e5 2. Nc3 Nc6 3. Nf3 f5 {Diese Variante und die Variante mit 2...d6 und
3...e5 bieten Schwarz aktives Gegenspiel. Schwarz möchte die Tatsache
ausnutzen, dass der Springer schon auf f3 steht, und den Zug d2-d4 mit e5-e4
beantworten können. Dennoch ist d2-d4 die beste Fortsetzung für Weiß.} 4. d4 e4
5. Bg5 {Dieser Zug wird heutzutage nur selten gespielt. In der Theorie gilt
der Springerzug als gefährlicher.} (5. Ng5) 5... Be7 6. Bxe7 Ncxe7 7. Nd2 (7.
Ng1 $5 {Man möchte meinen, dass Weiß hier schon zwei Tempi verloren hat -
eines durch 3.Nf3 und ein zweites durch 7.Ng1. Andererseits aber bietet sich
nun das Feld f4 als Springerposten an, so dass Weiß im Folgenden gut Ne2-f4
oder Nh3-f4 spielen kann.}) 7... Nf6 (7... e3 8. fxe3 Nf6 9. Qb3 Ng4 10. g3
Nxe3 11. Nd1 Nxf1 12. Rxf1 O-O 13. Ne3 $5 (13. Nc3) 13... d6 14. O-O-O c6 15.
Nf3 Kh8 16. Ng2 Ng8 17. Nf4 Qe7 $6 (17... a6) (17... Rb8) 18. d5 c5 $6 (18...
Bd7 {>=}) 19. Nh4 $5 Qe8 $2 20. e4 $1 {1-0 Palatnik,S-Benjamin,J/Philadelphia
1991/Inf 52/[Palatnik,S] (40)}) 8. e3 d6 $6 {Dieser Zug ist schablonenhaft und
nicht die beste Wahl für Schwarz. Es wäre besser, entweder mit 8...c6 oder mit
8...0-0 nebst 9...e4 fortzusetzen.} (8... c6 9. c5 d5 10. cxd6 Qxd6 11. Nc4 Qc7
12. Qb3 Ned5 13. Qa3 Qe7 14. Qxe7+ Kxe7 15. Be2 Be6 16. Na5 Rab8 17. Kd2 {
1-0 Zagorskis,D-Matthaei,A/Porz 1993/EXT 99 (59)}) (8... O-O 9. Be2 c6 (9... d6
10. b4 Kh8 11. O-O Be6 12. f3 exf3 13. Nxf3 Ng6 14. Bd3 Qe7 15. Qc2 d5 16. c5
Ne4 17. Ne2 Ng5 18. Nf4 Nxf3+ 19. Rxf3 {1-0 Tarjan,J-Gheorghiu,F/Cleveland
1975/EXT 99 (40)}) 10. O-O (10. c5 d5 11. cxd6 Qxd6 12. Nc4 Qc7 13. Qb3 Be6 14.
Qa3 Bxc4 15. Bxc4+ Kh8 16. O-O Ng6 17. Be2 f4 18. Rae1 Qd7 19. Qc5 f3 20. gxf3
Qh3 21. Nxe4 Ng4 {0-1 Stean,M-Sax,G/Amsterdam 1979/MCL (21)}) 10... d5 11. Qb3
Kh8 12. f4 exf3 13. Nxf3 Ng4 14. Nd1 dxc4 15. Bxc4 b5 16. Be2 Qd6 17. Nf2 Be6
18. Qd3 Nf6 19. a4 Ned5 20. Qd2 a6 21. Ne5 Nb6 22. a5 Nbd7 23. Nxd7 Nxd7 24. b4
c5 25. bxc5 Nxc5 26. Qb4 Ne4 {0-1 Sunye Neto,J-Sax,G/Rio de Janeiro 1979/IZT 
(41)}) 9. Be2 c6 10. f4 (10. b4 $5) 10... exf3 $6 {Auch dieser Zug gefällt mir
nicht, denn er verschafft Weiß bekommt Übergewicht im Zentrum. Schwarz täte
besser daran, die Spannung aufrecht zu halten.} (10... d5 $5 {Anschließend
kann Schwarz mit Be6 eine solide Stellung erreichen.}) 11. Nxf3 (11. Bxf3 $14 {
Danach kann Weiß- wie in der Partie - auf den Vorstoß e3-e4 spielen.}) 11...
Ne4 (11... O-O) 12. Qc2 (12. Nxe4 $2 fxe4 13. Nd2 Nf5 $15) 12... Qa5 (12...
Nxc3 13. Qxc3 $14) (12... d5 13. Ne5 $14) 13. O-O Nxc3 14. bxc3 $14 {Weiß hat
einen Doppelbauern auf der c-Linie, aber das ist hier nicht von Bedeutung.
Wichtiger ist, dass Weiß ein starkes Zentrum hat. Die weiße Bauernstruktur ist
zudem insofern von Vorteil, als Weiß im Falle von d6-d5 auf d5 tauschen und
erneut c4 ziehen kann.} Qc7 15. Bd3 (15. e4 $6 fxe4 16. Qxe4 Bf5 $11) 15... O-O
16. Rae1 (16. e4 fxe4 17. Bxe4 Bf5 18. Ng5 Qd7 19. Rae1 $14) 16... g6 (16...
Bd7 17. e4 $14) 17. Qf2 {[%cal Gf2h4]} Kg7 18. Qh4 d5 19. g4 $5 {[%mdl 128]
Mit diesem interessantem und starkem Zug erhält Weiß starken Angriff.} (19.
cxd5 cxd5 (19... Nxd5 20. e4 $14 Nxc3 21. exf5 {[%cal Re1e7,Re7c7,Re7g7]} Nd5
22. fxg6 $18) 20. Rc1 $14 {[%cal Gc3c4]}) (19. Ne5 $14) 19... b6 (19... fxg4
20. Ng5 Rxf1+ (20... h5 21. Rxf8 Kxf8 22. Rf1+ Kg8 23. Rf6 $16) 21. Rxf1 h5 22.
Rf7+ Kg8 23. Ne6 Bxe6 24. Rxe7 $18) {[#]} 20. e4 $1 {[%mdl 64]} dxe4 (20...
fxe4 21. Ng5 (21. Bxe4) 21... Rxf1+ (21... h5 22. Rxf8 Kxf8 23. Nxe4 dxe4 24.
Qf6+ Kg8 (24... Ke8 25. Bxe4 $18) 25. Rxe4 $18) 22. Rxf1 h5 23. Rf7+ Kg8 24.
gxh5 Nf5 25. h6 $1 Nxh4 (25... Qxf7 26. h7+ $18) 26. h7+ Kh8 27. Rf8+ $18) 21.
Bxe4 Ng8 $2 {Dieser bescheidene Zug lässt Weiß freie Hand am Königsflügel.
Meiner Meinung nach wäre die Annahme des Opfers nicht schlechter, denn nach
der Partiefortsetzung muss Weiß nichts riskieren - sein Angriff spielt sich
wie von selbst.} (21... fxe4 $5 22. Ng5 h5 23. Rxf8 Kxf8 24. Qf2+ (24. Rf1+)
24... Nf5 25. gxf5 gxf5 26. Nxe4 $40) 22. gxf5 Bxf5 (22... gxf5 23. Ne5 $16)
23. Bxf5 Rxf5 24. Ng5 $16 {[%csl Rg7][%cal Rg5e6,Re6g7,Re6c7,Rh4h7] Weiß hat
vielseitige konkrete Drohungen - der schwarze König befindet sich schon in
großer Not.} Kh8 $8 25. Rxf5 gxf5 26. Kh1 {[%csl Ge1,Gg5,Gh4][%cal Ge1g1,Gg1g8]
Weiß umgeht mögliche Motive auf der g-Linie und steht sehr aktiv. Der schwarze
Königsflügel ist schwach, und aufgrund der schlechten Figurenkoordination
fällt es Schwarz nicht leicht, seine Stellung zu verteidigen.} (26. Rf1 $16)
26... b5 27. d5 {[%cal Rh4d4,Rd4h8]} Qg7 28. d6 {[%csl Gd6]} (28. Rg1 $16)
28... h6 (28... bxc4 29. Ne6 $18) 29. Ne6 $18 {[%cal Rd6d7,Rd7d8]} Qxc3 (29...
Qf6 30. Qf2 bxc4 31. d7 $18) 30. d7 {Der Pd7 wird zur Dame - Schwarz ist
verloren.} bxc4 31. d8=Q Rxd8 32. Nxd8 Qd2 33. Ne6 c5 34. Qg3 {[%cal Rg3g7,
Rg7h8]} 1-0

[Event "Minsk"]
[Site "Minsk"]
[Date "1993.??.??"]
[Round "?"]
[White "Dragomarezkij, Evgeni"]
[Black "Mochalov, Evgeny Veniaminovic"]
[Result "1-0"]
[WhiteElo "2465"]
[BlackElo "2445"]
[Annotator "Ribli,Z"]
[PlyCount "73"]
[EventDate "1993.03.??"]
[EventType "tourn"]
[EventRounds "11"]
[EventCountry "BLR"]
[EventCategory "9"]
[SourceTitle "CBM 036"]
[Source "ChessBase"]
[SourceDate "1993.10.01"]
[SourceVersion "1"]
[SourceVersionDate "1993.10.01"]
[SourceQuality "1"]

1. c4 e5 2. Nc3 Nc6 3. Nf3 f5 4. d4 e4 5. Ng1 (5. Bg5 {Uhlmann,W-Arakhamia,K/
Aruba Tumba/1992/CBM33/}) 5... Nf6 (5... Bb4 6. e3 $2 (6. Bd2 $1) 6... Bxc3+ 7.
bxc3 Nf6 8. Nh3 O-O 9. Be2 b6 10. O-O Ba6 11. Ba3 Re8 12. Bb4 Ne7 13. Bxe7 Qxe7
$15 {Kestler-Dely/Hamburg/1965/}) 6. Nh3 Bb4 7. Bd2 $1 O-O 8. e3 d6 9. Be2 Bd7
10. a3 Bxc3 11. Bxc3 Kh8 12. b4 a6 13. a4 d5 14. b5 axb5 15. axb5 Rxa1 16. Qxa1
Ne7 17. Bb4 $14 Be6 18. Nf4 Bg8 19. O-O dxc4 20. Rc1 Re8 (20... g5 $5 21. Nh3
h6 22. Bxc4 Bxc4 23. Rxc4 Nfd5 $13) 21. Bxe7 $1 Rxe7 22. Bxc4 b6 23. Qa2 g5 24.
Ne6 Bxe6 25. Bxe6 f4 26. exf4 gxf4 27. d5 $1 $16 Rg7 28. Qa1 $1 Ne8 (28... Nxd5
$2 29. Bxd5 Qxd5 30. Rxc7 Qg8 31. Qc3 $18) 29. Qe5 f3 30. g3 Qg5 31. Qxg5 Rxg5
32. Rc4 Re5 33. Kf1 Ng7 34. Bf7 Re7 35. d6 $1 Rxf7 36. dxc7 Rxc7 37. Rxc7 1-0

[Event "Elenite"]
[Site "Elenite"]
[Date "1995.??.??"]
[Round "4"]
[White "Alterman, Boris"]
[Black "Topalov, Veselin"]
[Result "1-0"]
[WhiteElo "2595"]
[BlackElo "2670"]
[Annotator "Ribli,Z"]
[PlyCount "109"]
[EventDate "1995.09.??"]
[EventType "tourn"]
[EventRounds "9"]
[EventCountry "BUL"]
[EventCategory "15"]
[SourceTitle "CBM 050"]
[Source "ChessBase"]
[SourceDate "1996.02.01"]
[SourceVersion "1"]
[SourceVersionDate "1996.02.01"]
[SourceQuality "1"]

1. c4 {Dolmatov} e5 2. Nc3 Nc6 3. Nf3 Bb4 {Eine seltene Fortsetzung.} (3... Nf6
$5) (3... f5 $5) (3... g6 $5) 4. d3 {Eine Neuerung} (4. Nd5 $5 a5 (4... Be7 {
Dolmatov} 5. g3 Nf6) 5. g3 d6 6. Bg2 e4 7. Ng1 Nf6 8. f3 $13 {Gurevich,
M-Pribyl,J/BL9394/INF60,30/}) (4. g3 Bxc3 (4... Nf6 $5 {-> A29}) 5. bxc3 d6 6.
d4 e4 7. Nd2 f5 8. Bg2 Nf6 9. f3 O-O 10. O-O exf3 11. Nxf3 h6 $13 {Lautier,
J-Ivanchuk,V/Linares/1995/CBM46/INF63,16/}) 4... Bxc3+ (4... Nf6 5. Bd2 {-> A28
}) 5. bxc3 d6 6. Rb1 Nge7 $5 (6... Nf6 7. e4 (7. Bg5 $5) 7... O-O 8. Be2 b6 9.
O-O $13) 7. e3 (7. g3 $5 {Dolmatov} O-O 8. Bg2 b6 9. O-O h6 10. Ne1 f5 11. f4
Be6 12. Nc2 $14) 7... O-O 8. Be2 b6 9. Nd2 (9. O-O {Dolmatov} f5) 9... Be6 10.
O-O Qd7 11. d4 $5 {Ein zweischneidiger Zug, der Raum im Zentrum gewinnt,
dafuer aber den c4-Bauern schwaecht.} (11. Ba3 $5 {/\ d4, c5}) 11... Na5 12.
Rb2 (12. e4 {Dolmatov} f5) 12... f5 13. d5 Bf7 14. f4 $5 e4 (14... exf4 15.
exf4 c6 16. Nb3 Nxb3 17. axb3 cxd5 18. Bf3 Rac8 19. cxd5 Rxc3 20. Qd4 Rc5 21.
b4 Rb5 22. Re2 Nxd5 23. Bb2 Nf6 24. Rfe1 $44) (14... Ng6 {Dolmatov} 15. Nb3 Nb7
16. Bd3 e4) (14... c6 $5 {Dolmatov} 15. fxe5 $5 (15. Nb3 $6 Nxb3 16. axb3 cxd5
17. cxd5 Nxd5 18. fxe5 Nxc3 $17) 15... cxd5 (15... dxe5 16. Nf3) 16. Nf3 (16.
cxd5 Nxd5 $40) 16... Nxc4 17. Bxc4 dxc4 18. exd6 Nd5 19. Ne5 Qxd6 20. Nxf7 Rxf7
21. Rd2 Rd8 22. Rf4 Qe6 23. Rxc4 Rfd7 $13) 15. Nb3 Nb7 (15... Nxb3 16. axb3 $14
) 16. Rd2 Rac8 (16... c6 $5 17. dxc6 Qxc6 (17... Nxc6 18. g4 $132) 18. Rd4 Rae8
$13 {Schwarz gewinnt ein Tempi.}) 17. g4 $5 {Weiss steht im Zentrum und auch
am Damenfluegel schlechter, deswegen sollte er am Koenigfluegel etwas
versuchen.} c6 18. dxc6 Qxc6 (18... Rxc6 19. Nd4 Rxc4 20. gxf5 Nxf5 $40) 19.
Rd4 (19. Nd4 {Dolmatov} Qc5 20. Qa4 Bxc4 21. Ba3 $13) 19... fxg4 (19... Be6 $5
{Dolmatov}) 20. f5 $1 {/\ Rff4} (20. Bxg4 $2 Bxc4 $1 21. Bxc8 Rxc8 (21... Qxc8
$44 {Dolmatov}) 22. Rf2 Nf5 $44 {>< e3}) 20... Rce8 (20... Kh8 $5 {Dolmatov}
21. Ba3 Ng8 22. Bxg4 Nf6) 21. Ba3 $1 Qc8 22. Bxg4 h5 23. Bh3 (23. Bxh5 {
Dolmatov} Nxf5 $40) 23... Nc6 {Der Nachziehende gewinnt jetzt einen Bauern,
aber er kann die Initiative nicht behalten.} (23... Bg6 $5 24. fxg6 $5 (24.
Rxe4 Bxf5 25. Bxf5 Rxf5 $15) 24... Qxh3 25. Rxe4 $1 $13 Nxg6 $6 26. Rxe8 Rxe8
27. Qd5+ Kh7 28. Qxb7 Nh4 {Jetzt hingegen ist es sehr fragwuerdig, ob Weiss
genuegend Kompensation fuer den Laeufer hat.}) 24. Rd2 Bxc4 (24... Ne5 {
Dolmatov} 25. Rg2) 25. Rf4 Rf6 26. Rg2 {>< g7} (26. Qxh5 $2 Rh6 (26... Ne5 $5 {
Dolmatov}) 27. Qg4 Ne5 $17 (27... Ne5 28. Qg3 Nf3+ $2 29. Rxf3 exf3 30. f6))
26... Bf7 27. Qe1 $1 {Droht Qg3 oder Qh4.} Bxb3 (27... Nc5 {Dolmatov} 28. Qg3
$18) 28. axb3 Ne5 29. Qg3 (29. Rxe4 $4 Nf3+ $19) 29... Re7 30. c4 Nc5 31. Kh1
$1 Qa6 (31... Nxb3 32. Bxd6 $1 Rxd6 33. f6 Rd1+ 34. Rg1 Rxg1+ 35. Kxg1 Rd7 36.
Be6+ $18) 32. Bb2 Ncd3 33. Bxe5 (33. Bd4 $2 {Dolmatov} Nxf4 34. exf4 Nd7) 33...
dxe5 $2 (33... Nxe5 34. Rxe4 $13) 34. Rf1 $1 $36 {Eine sehr unangenehme
Ueberrraschung. Weiss konzentriert sich ganz auf Angriff.} (34. Rxe4 $2) (34.
Rxe4 $2 {Dolmatov} Qa1+ 35. Rg1 Qb2) 34... b5 35. Qh4 bxc4 36. bxc4 Nc5 (36...
Qc6 $5 {Dolmatov} 37. Rfg1 a5) 37. Rfg1 Ref7 38. Rg5 $1 Qa2 (38... Qxc4 {
Dolmatov} 39. Rxh5 Kf8 40. Rh8+ Ke7 41. Rc8 $40) 39. Qg3 $1 (39. Rxh5 {Dolmatov
} Kf8 40. Rh8+ Ke7 41. Qg3 Nd3) 39... Kf8 40. Rxg7 (40. Qxe5 {Dolmatov} Nd3 41.
Qb8+ Ke7) 40... Nd3 {Schwarz hat eine sehr gefaerhliche Drohung, aber jetzt
ist noch Weiss am Zug.} 41. Rxf7+ (41. Rg8+ {Dolmatov} Ke7 42. Rf1 a5 43. Ra8
$40) 41... Rxf7 42. Qg8+ Ke7 43. f6+ Kd6 (43... Kxf6 44. Qg5#) (43... Rxf6 44.
Rg7+ Kd6 45. Qb8+ Kc5 46. Qb5+ Kd6 47. Qd5#) 44. Qb8+ (44. Qd8+ $2 Kc5 45. Qd5+
Kb4) 44... Kc6 (44... Rc7 45. Qd8+ Kc6 46. Qd5+ $18) (44... Kc5 45. Qb5+ Kd6
46. Qd5+ $18) 45. Qc8+ Kb6 (45... Kd6 {Dolmatov} 46. c5+ Nxc5 47. Rc1 $18) 46.
Rf1 Nf2+ 47. Kg1 $1 (47. Rxf2 $2 {Dolmatov} Qxf2 48. Qe6+ Kc5 49. Qxf7 Qe1+ 50.
Kg2 Qe2+ 51. Kg3 Qe1+ $10) 47... Nxh3+ 48. Qxh3 Qxc4 49. Qf5 {Im Endergebnis
hat der Anziehende einen Bauern weniger, aber gegen seinen starken f-Bauern
ist Schwarz hilflos.} a5 (49... Qd5 {Dolmatov} 50. Rb1+ Kc7 51. Rc1+ $16) 50.
Qxe5 Qc6 51. Rf5 Qc1+ 52. Kg2 Qd2+ 53. Kh3 Qxe3+ 54. Kh4 Rc7 55. f7 $1 1-0

[Event "Elenite"]
[Site "Elenite"]
[Date "1995.??.??"]
[Round "8"]
[White "Tukmakov, Vladimir B"]
[Black "Azmaiparashvili, Zurab"]
[Result "1/2-1/2"]
[WhiteElo "2600"]
[BlackElo "2620"]
[Annotator "Ribli,Z"]
[PlyCount "97"]
[EventDate "1995.09.??"]
[EventType "tourn"]
[EventRounds "9"]
[EventCountry "BUL"]
[EventCategory "15"]
[SourceTitle "CBM 050"]
[Source "ChessBase"]
[SourceDate "1996.02.01"]
[SourceVersion "1"]
[SourceVersionDate "1996.02.01"]
[SourceQuality "1"]

1. d4 d6 2. Nf3 g6 3. c4 Bg7 4. Nc3 e5 5. g3 exd4 6. Nxd4 Ne7 7. Bg2 O-O 8. O-O
Nbc6 9. Nxc6 bxc6 (9... Nxc6 10. Bd2 Be6 11. b3 Qd7 12. Re1 Rab8 13. Rc1 $14 {
Hjartarson,J-Vescovi,G/Malmo/1995/CBM48/}) 10. Bg5 $5 {Eine Neuerung} (10. Qc2
Be6 11. b3 Qd7 12. Rd1 (12. Bb2 $5) 12... Bh3 13. Bh1 f5 $5 $13 {
Onischuk-Rashkovsky/Philadelphia/1994/INF61,22/}) 10... Rb8 11. Qc1 $5 {
Das Feld d2 bleibt frei für den Bg5.} (11. Qd2 f6 12. Be3 c5 $13 {/\ Nf5 ><e3})
11... c5 12. b3 Bb7 13. Bxb7 Rxb7 14. Rd1 Qd7 (14... Re8 $2 15. Nd5 $16) 15.
Bh6 $1 {Weiss will diesen Verteidiger tauschen, denn dann wird der schwarze
Koeinig verletzbar.} Bxh6 16. Qxh6 Qe6 17. Rd3 $5 Nf5 18. Qf4 Kg7 19. Rad1 h5
20. Qf3 $5 Rfb8 $14 {Schwarze Tuerme stehen auf der halboffene b-Linie ohne
besonders Sinn.} (20... Rbb8 21. Nb5 $1 Qd7 22. e4 $1 Nh6 23. e5 Ng4 24. exd6 (
24. Qf4 dxe5 25. Rxd7 exf4 26. gxf4 $16) 24... Ne5 25. Qe3 Nxd3 26. dxc7 $44)
21. e3 Ne7 22. Qg2 $5 {Weiss kann jetzt in aller Ruhe seine Stellung
verstaerken, ohne dass der Nachziehende ueber Gegenspiel verfuegt.} a6 23. f4
$1 Ra7 24. e4 Nc6 25. Qf2 $1 Rab7 (25... Nd4 $4 {>< a7} 26. Rxd4 cxd4 27. Qxd4+
$18) 26. e5 $1 Nd4 (26... dxe5 $2 27. Ne4 $16) 27. Re1 Qf5 {[#]} 28. Rxd4 $1 {
Ein chancenreiches Qualitaetopfer.} cxd4 29. Qxd4 Kh6 (29... dxe5 $2 30. Rxe5
Qf6 31. Nd5 $18) (29... Kg8 30. exd6 cxd6 31. Nd5 $18) 30. exd6 cxd6 31. Qxd6
$2 {Weiss erhaelt zwar noch einen Bauern fuer die verlorenen Qualitaet, der
Preis ist aber zu hoch. Denn nun kommen die passiven schwarzen Tuerme ins
Spiel.} (31. Nd5 $1 $44) 31... Rb6 32. Qe5 (32. Qd4 Re6 $13) 32... Qxe5 (32...
Re6 $2 33. Qxb8 Rxe1+ 34. Kf2 $18 {Nebst Qh8 matt}) 33. Rxe5 Rd8 34. Rd5 (34.
Nd5 Re6 35. Kf2 Rxe5 36. fxe5 Kg5 37. Ke3 Kg4 38. Kd4 Kh3 39. c5 Kxh2 40. c6
Kxg3 41. c7 Rc8 42. Kc5 h4 43. Kc6 h3 $19) 34... Re8 {Droht /\ Re3} 35. Kf2 $8
Rbe6 36. Rd2 Re1 37. Ne2 Rb1 38. c5 (38. Nc3 $5 Rc1 39. Ne2 Rb1 $10) 38... Rc8
39. Rc2 Rd1 40. b4 a5 41. Nc3 $1 {In hoch gefaehrdeter Situation findet Weiss
den rettenden Weg.} (41. a3 axb4 42. axb4 Rb1 43. Rc4 Rb8 $17) 41... Rd4 42.
Nb5 Rxb4 43. Nd6 $1 Rc7 44. c6 a4 45. Nxf7+ $5 {Schwarz kann das Opfer nicht
gut ablehnen.} (45. Ne8 Rc8 46. Nd6 Rc7 $10) 45... Rxf7 (45... Kg7 $2 46. Ne5
a3 47. Ke3 Rb2 48. Rd2 $1 Rxd2 49. Kxd2 $16) 46. c7 Rxc7 47. Rxc7 Rb2+ 48. Kf3
Rxh2 49. Rc6 {Weiss hat eine riesige Stellung verspielt.} 1/2-1/2

[Event "Prague"]
[Site "Prague"]
[Date "1990.??.??"]
[Round "4"]
[White "Smejkal, Jan"]
[Black "Hort, Vlastimil"]
[Result "1/2-1/2"]
[WhiteElo "2545"]
[BlackElo "2545"]
[Annotator "Ribli,Z"]
[PlyCount "108"]
[EventDate "1990.08.??"]
[EventType "game"]
[EventRounds "1"]
[EventCountry "CSR"]
[SourceTitle "CBM 020"]
[Source "ChessBase"]
[SourceDate "1991.02.01"]
[SourceVersion "1"]
[SourceVersionDate "1991.02.01"]
[SourceQuality "1"]

1. c4 e5 2. Nc3 Nc6 3. Nf3 f5 4. d4 e4 5. Ng5 Nf6 (5... h6 6. Nh3 g5 7. Ng1 Nf6
8. h4 g4 9. e3 Nh5 {Polugaevsky,L-Seirawan,Y Haninge 1990 CBM/18}) 6. e3 d6 7.
Be2 (7. h4 $5) 7... g6 8. h4 Bd7 9. b3 a6 10. Bb2 Qe7 11. Qd2 Bg7 12. Nh3 Nd8
13. Nf4 Ne6 14. Nfd5 Nxd5 15. Nxd5 Qd8 16. h5 Qg5 17. g3 O-O 18. hxg6 hxg6 19.
O-O-O Rf7 20. Rh2 Rd8 21. Rdh1 Be8 22. Rh7 (22. Nf4 $5 {/\ d5}) 22... Rdd7 23.
R7h2 Rf8 24. Kb1 Rff7 25. Rh4 Qd8 26. g4 c6 27. gxf5 Rxf5 28. Nc3 Ng5 29. Bg4
Nf3 30. Bxf3 exf3 31. d5 Rh5 32. Rxh5 gxh5 33. Rg1 Qf6 34. dxc6 Bg6+ 35. Ka1
bxc6 36. Na4 Qe6 37. Nb6 Rf7 38. Bxg7 Rxg7 39. Qd4 c5 40. Qc3 Qe5 41. Qxe5 dxe5
42. Nd5 h4 43. Rh1 Bd3 44. Nf6+ Kf8 45. Rxh4 Ke7 46. Nd5+ Kf7 47. Rh3 Be2 48.
Nc3 Rg2 49. Ne4 Kg6 50. Rg3+ Kf5 51. Nd6+ Ke6 52. Ne4 Kf5 53. Nd6+ Ke6 54. Ne4
Kf5 1/2-1/2